000 00655nam a2200205 a 4500
001 BRCA_2916
005 20190320204028.0
008 121208s1866----mx-a---###---#000-0#spa-#
050 4 _aF1231
_b.C65 1866
245 1 0 _aColección de documentos para la historia de México
_cpublicados por Joaquín García Icazbalceta.
260 _aMéxico
_bJ. M. Andrade
_c1866
300 _a2 v.
_c28 cm.
500 _aB42
650 1 4 _aMéxico
_xHistoria
_9564
700 1 _aGarcía Icazbalceta, Joaquín
_d1825-1894
_eed
_98120
700 1 _aRamirez, Jose Fernando
_d1804-1871
_98070
700 1 _aMotolina, Fray Toribio
_d1568
_98121
902 _aGFM
942 _2lcc
_cB
999 _c2655
_d2655